000 00681nam a2200289Ia 4500
005 20260324123754.0
008 008 260324s9999 xx 000 0 eng d
020 _a9780429248535
037 _aEBOOK
040 _aCRL
040 _beng
040 _cCRL
041 _2eng
041 _aeng
084 _qCRL
100 _aDavid E. Strecker
_91171597
245 0 _aLabor Law
245 2 _bA Basic Guide to the National Labor Relations Act
260 _bTaylor and Francis
260 _c2011
365 _a
365 _b140
856 _uhttp://www.taylorfrancis.com/books/9780429248535
942 _cEBOOK
999 _c1765396
_d1765396